000 00574nam a22001697a 4500
003 MACL
005 20160726133212.0
008 160726b xxu||||| |||| 00| 0 eng d
040 _cMACL
041 _aHindi
082 _a891.433 HAR
100 _aहर्ष, हरदान
_962943
245 _aमीरॉ
_bऐतिहासिक उपन्‍यास
_cहरदास हर्ष
260 _aजयपुर
_bपंचशील प्रकाशन
_c2015
650 _aऐतिहासिक उपन्‍यास
_964834
942 _2ddc
_cHIN
999 _c55009
_d55009